000 00693nam a2200205 a 4500
008 120416s1972 ||||||||||||||||| || u
020 _a0043710239
050 _aLB 1628 Nic
100 _aNicholls, Audrey
245 1 0 _aDeveloping a curriculum
246 _aa practical guide
260 _aLondon
_bAllen and Unwin
_c1972
300 _a3-116p.
350 _a0.00
490 _aUnwin education books
500 _aBibliography.
650 0 _aCURRICULUM PLANNING
650 0 _aEDUCATIONAL TESTS AND MEASUREMENTS
995 _D0.00
_FCBU-MAIN LIBRARY (Kitwe)
_H1
_I1.40
_M1
_UAVAILABLE
_WNov 22, 2006
_ZMain Library Open Access Collection
999 _c39873
_d39873